Материально-техническое снабжение. 1980, Вып.2: Эффективность применения неметаллических труб в народном хозяйстве (Запись № 2882370)

Подробности
000 -МАРКЕР
контрольное поле 01869nam2a22002651 4500
001 - ИДЕНТИФИКАТОР ЗАПИСИ
контрольное поле RU\NLR\INFOCOMM31\5000143686
005 - ИДЕНТИФИКАТОР ВЕРСИИ
контрольное поле 20250617065429.0
035 ## - ДРУГИЕ СИСТЕМНЫЕ НОМЕРА
Идентификатор записи (NLR Aleph) 002534916
100 ## - ДАННЫЕ ОБЩЕЙ ОБРАБОТКИ
Данные общей обработки 20050523d1980 |||y0rusy50 ca
101 0# - ЯЗЫК РЕСУРСА
Язык текста, звукозаписи и т.д. русский
102 ## - СТРАНА ПУБЛИКАЦИИ ИЛИ ПРОИЗВОДСТВА
Страна публикации Российская Федерация
105 ## - ПОЛЕ КОДИРОВАННЫХ ДАННЫХ: ТЕКСТОВЫЕ МАТЕРИАЛЫ, МОНОГРАФИЧЕСКИЕ
Кодированные данные о монографическом текстовом документе y ||||000|y
200 1# - ЗАГЛАВИЕ И СВЕДЕНИЯ ОБ ОТВЕТСТВЕННОСТИ
Основное заглавие Эффективность применения неметаллических труб в народном хозяйстве
Первые сведения об ответственности В.С. Ромейко, В.М. Володин
210 ## - ПУБЛИКАЦИЯ, РАСПРОСТРАНЕНИЕ И ДР.
Дата издания, распространения и т.д. 1980
Место издания, распространения и т.д. Б. м.
461 #0 - УРОВЕНЬ НАБОРА
Встроенное поле 001RU\NLR\INFOCOMM31\5000143522
-- 2001#$aМатериально-техническое снабжение$eОбзор по основным направлениям развития отрасли$iЭкономия и рациональное использование сырьевых, топливно-энергетических и других материальных ресурсов$fЦНИИ информ. и техн.-экон. исслед. по матер.-техн. снабжению (ЦНИИТЭИМС)$v1980, Вып.2
Системный номер (АБИС) связанной записи 2882245
Место публикации М.
Дата публикации 1979-1986
Первые сведения об ответственности ЦНИИ информ. и техн.-экон. исслед. по матер.-техн. снабжению (ЦНИИТЭИМС)
Заглавие части Экономия и рациональное использование сырьевых, топливно-энергетических и других материальных ресурсов
Сведения, относящиеся к заглавию Обзор по основным направлениям развития отрасли
Заглавие Материально-техническое снабжение
ISSN 0203-2619
Номер тома 1980, Вып.2
700 #1 - ИМЯ ЛИЦА - ПЕРВИЧНАЯ ОТВЕТСТВЕННОСТЬ
Начальный элемент ввода Ромейко
Часть имени, кроме начального элемента ввода В.С.
Код отношения Автор
701 #1 - ИМЯ ЛИЦА - АЛЬТЕРНАТИВНАЯ ОТВЕТСТВЕННОСТЬ
Начальный элемент ввода Володин
Часть имени, кроме начального элемента ввода В.М.
Код отношения Автор
801 #1 - ИСТОЧНИК ЗАПИСИ
Страна Российская Федерация
Организация InfoComm
Дата составления 20050523
801 #0 - ИСТОЧНИК ЗАПИСИ
Страна Российская Федерация
Организация NLR
Правила каталогизации PSBO
852 ## - МЕСТОНАХОЖДЕНИЕ И ШИФР ХРАНЕНИЯ
Идентификатор организации NLR
Шифр хранения (Call Number) П22/4754
942 ## - ДОПОЛНИТЕЛЬНЫЕ ЭЛЕМЕНТЫ ЗАПИСИ (АБИС)
Тип экземпляра АБИС Выпуск
980 ## - КОЛЛЕКЦИЯ
Название коллекции Национальная библиография
980 ## - КОЛЛЕКЦИЯ
Название коллекции Русская периодика

Нет доступных экземпляров.